1757 1432 1081 1152 1994 1672 1285 1893 1690 1219 1286 1646 1635 1041 1150 1073 1253 1801 1225 1427 1580 1813 1723 1968 1368 1919 1344 1338 1089 1704 1713 1147 1282 1300 1901 1727 1827 1344 1246 1962 1499 1268 1444 1824 1987 1774 1303 1664 1869 1093 1692 1249 1361 1067 1906 1220 1910 1249 1094 1887 1599 1779 1581 1488 1407 1218 1402 1618 1061 1370 1715 1373 1078 1978 1695 1252 1525 1196 1474 1556 1266 1981 1242 1432 1283 1271 1393 1623 1266 1644 1466 1255 1929 1096 1136 1284 1427 1071 1863 BCNSPRNW ULIB Ver.6.0+V

เปลี่ยนเป็นภาษาไทย

Change to English
 แสดงรายละเอียดบรรณานุกรม
  กลับหน้าหลัก

Brief Record : Get Marc (ISO 2709) : E-mail record : QR code < ปิดหน้าต่าง
LEADER : 00000nam 2200000uu 4500
001    13399113936
003     ULIB
008    110320s||||||||th 000 0 tha d
099    วจ.WA590^bป525ป
100 0  ปัณณธร ชัชวรัตน์
245 00 ปัจจัยที่มีผลต่อพฤติกรรมสุขภาพของสงฆ์ในเขต อำเภอเมือง จังหวัดพะเยา/^cปัณณธร ชัชวรัตน์
260    พะเยา :^bวิทยาลัยพยาบาลบรมราชชนนี พะเยา,^c2553
300    68 หน้า :^bตาราง
500    รายงานการวิจัย
650  7 พฤติกรรมสุขภาพ^xพระสงฆ์^xวิจัย
710 2  วิทยาลัยพยาบาลบรมราชชนนี. ^bพะเยา
945    ^p0^l0^i030967
995    ทศพร
999 ^a ใช้งานได้ทุกระบบ
รายการนี้ยังไม่มีแท็ก
คุณยังไม่ได้ล็อกอิน คุณสามารถมีกิจกรรมร่วมกับเว็บไซต์ได้ แต่ต้องล็อกอินก่อน ::
  ล็อกอิน

รายการสื่อสารสนเทศ

ลำดับที่ ประเภท เลขเรียก/บาร์โค้ด สถานที่ สถานะ
1. งานวิจัย
งานวิจัย
วจ.WA590 ป525ป ฉ.1 
  Barcode: 030967
ห้องสมุดวิทยาเขตสวรรค์ประชารักษ์
►วิจัย
บนชั้น

รายการใกล้เคียง
    ผู้แต่ง [ปัณณธร ชัชวรัตน์]

BibComment


ยังไม่เคยถูกคอมเมนท์

คอมเมนท์ทรัพยากรรายการนี้
  คอมเมนท์: ปัจจัยที่มีผลต่อพ..


 Copyright 2026. Bcnsprnw @Library